000
00281nam a22001337a 4500
008
170328b xxu||||| |||| 00| 0 eng d
020
_a
1888383216
041
_a
eng
080
_a
796.3
100
_a
8
101
_a
SGHM
245
_a
XXIII OLYMPIAD
_c
GALFORD, E
942
_2
udc
_c
BK
999
_c
8885
_d
8885